Rating je známkou dôveryhodnosti štátu
Posúdenie úverovej bonity krajiny. Politické a ekonomické riziko. Medzinárodná ratingová škála 3 najvýznamnejších ratingových agentúr - Standard & Poor's, Moody's a Japan Bond & Research Institute.
Gespeichert in:
| 1. Verfasser: | |
|---|---|
| Format: | Buchkapitel |
| Sprache: | Slowakisch |
| Schlagworte: | |
| Tags: |
Keine Tags, Fügen Sie das erste Tag hinzu!
|
MARC
| LEADER | 00000naa a2200000 4500 | ||
|---|---|---|---|
| 001 | r019527 | ||
| 005 | 20221205103106.1 | ||
| 041 | 0 | |a slo | |
| 044 | |a SK | ||
| 245 | 1 | 0 | |a Rating je známkou dôveryhodnosti štátu |c J. Kovalčík |
| 520 | |a Posúdenie úverovej bonity krajiny. Politické a ekonomické riziko. Medzinárodná ratingová škála 3 najvýznamnejších ratingových agentúr - Standard & Poor's, Moody's a Japan Bond & Research Institute. | ||
| 610 | 2 | 0 | |a rating |
| 610 | 2 | 0 | |a riziko |
| 610 | 2 | 0 | |a politika hospodárska |
| 610 | 2 | 0 | |a politika vnútorná |
| 610 | 2 | 0 | |a úver |
| 610 | 2 | 0 | |a agentúry |
| 610 | 2 | 0 | |a Standard & Poor's |
| 610 | 2 | 0 | |a Moody's Investors Service |
| 610 | 2 | 0 | |a Japan Bond & Research Institute |
| 100 | 1 | |a Kovalčík, J. | |